Prostorová koncentrace podnikatelského výzkumu a vývoje
Delenie výskumných aktivít na základný výskum a aplikovaný výskum. Hodnotenie podnikateľskej výskumnej aktivity v krajoch Českej republiky na základe dvoch ukazovateľov - zamestnanci vo VaV a výdavky na VaV. Najväčšia výskumná aktivita v Juhomoravskom kraji, Stredočeskom kraji a v hl. meste Praha.
Salvato in:
| Autore principale: | |
|---|---|
| Altri autori: | |
| Natura: | Capitolo di libro |
| Lingua: | ceco |
| Soggetti: | |
| Tags: |
Nessun Tag, puoi essere il primo ad aggiungerne!!
|
MARC
| LEADER | 00000nla a2200000 4500 | ||
|---|---|---|---|
| 001 | 0246025 | ||
| 005 | 20240417075140.7 | ||
| 041 | 0 | |a cze | |
| 044 | |a CZ | ||
| 245 | 1 | 0 | |a Prostorová koncentrace podnikatelského výzkumu a vývoje |c Vladimír Žítek, Viktorie Klímová |
| 520 | |a Delenie výskumných aktivít na základný výskum a aplikovaný výskum. Hodnotenie podnikateľskej výskumnej aktivity v krajoch Českej republiky na základe dvoch ukazovateľov - zamestnanci vo VaV a výdavky na VaV. Najväčšia výskumná aktivita v Juhomoravskom kraji, Stredočeskom kraji a v hl. meste Praha. | ||
| 610 | 2 | 0 | |a výskum |
| 610 | 2 | 0 | |a vývoj |
| 610 | 2 | 0 | |a kraje |
| 610 | 2 | 0 | |a zamestnanci |
| 610 | 2 | 0 | |a výdavky |
| 610 | 2 | 0 | |a financie |
| 610 | 2 | 0 | |a inovácia |
| 610 | 2 | 0 | |a podnikanie |
| 610 | 2 | 0 | |a Česko |
| 100 | 1 | |a Žítek, Vladimír | |
| 700 | 1 | |a Klímová, Viktorie | |